<?xml version="1.0" encoding="UTF-8"?>
<marc:record xmlns:marc="http://www.loc.gov/MARC21/slim">
   <marc:leader>00000nam a2200000 a 4500</marc:leader>
   <marc:datafield ind1="1" ind2=" " tag="100">
      <marc:subfield code="a">Goodwin, Ginnifer</marc:subfield>
   </marc:datafield>
   <marc:datafield ind1="1" ind2=" " tag="100">
      <marc:subfield code="a">Carlyle, Robert</marc:subfield>
   </marc:datafield>
   <marc:datafield ind1="1" ind2=" " tag="100">
      <marc:subfield code="a">Morrison, Jennifer</marc:subfield>
   </marc:datafield>
   <marc:datafield ind1="0" ind2="0" tag="245">
      <marc:subfield code="a">Once Upon a Time - Es war einmal ... - Die komplette 4. Staffel DVD 3 [Bildtonträger]</marc:subfield>
   </marc:datafield>
   <marc:datafield ind1="0" ind2="0" tag="245">
      <marc:subfield code="b">Episoden 9-12</marc:subfield>
   </marc:datafield>
   <marc:datafield ind1="0" ind2="0" tag="245">
      <marc:subfield code="c">mit Jennifer Morrison, Robert Carlyle, Ginnifer Goodwin ...</marc:subfield>
   </marc:datafield>
   <marc:datafield ind1=" " ind2="1" tag="264">
      <marc:subfield code="b">ABC Studios</marc:subfield>
      <marc:subfield code="c">2023</marc:subfield>
   </marc:datafield>
   <marc:datafield ind1="1" ind2=" " tag="520">
      <marc:subfield code="a">Liebe, so verführerisch und mächtig wie Magie, erweist sich als die ultimative Waffe im epischen Kampf zwischen Gut und Böse. Kurz nachdem Emma und Hook Elsa aus Arendelle nach Storybrooke gebracht haben, treffen sie auf die mysteriöse Schneekönigin, deren unerbittliche Besessenheit von Emma und Elsa eisige Konsequenzen für sie hat...</marc:subfield>
   </marc:datafield>
   <marc:datafield ind1=" " ind2=" " tag="020">
      <marc:subfield code="a">8717418474072</marc:subfield>
      <marc:subfield code="9">8717418474072</marc:subfield>
   </marc:datafield>
   <marc:datafield ind1=" " ind2=" " tag="500">
      <marc:subfield code="a">Orig. : USA 2017. Sprache: Deutsch (Dolby Digital 5.1), Englisch (Dolby Digital 5.1), Französisch (Dolby Digital 5.1). Untertitel: Deutsch, Englisch (für Hörgeschädigte), Französisch, Niederländisch</marc:subfield>
   </marc:datafield>
   <marc:datafield ind1="0" ind2=" " tag="490">
      <marc:subfield code="v">0</marc:subfield>
   </marc:datafield>
   <marc:datafield ind1=" " ind2=" " tag="300">
      <marc:subfield code="a">1 DVD (164 Min.) : farbig</marc:subfield>
   </marc:datafield>
</marc:record>
